MARC

Tag First Indicator Second Indicator Subfields
LEADER 00000cam a2200000 a 4500
001 in00001298021
005 20151004085204.0
007 he bmb024baca
008 940315s1990 ohua bb 000 0 eng d
035 |a (OCoLC)29967779 
035 |9 AGZ3729AM 
040 |a WK9  |c WK9  |d UtOrBLW 
049 |a TXAI 
099 |a Fiche   |a  C   |a  3276 ; ENV 6-032). 
100 1 |a Jones, Beau Fly. 
245 1 4 |a The muddy river, the sticky sea, and me? :  |b [teacher edition] /  |c senior author Beau Fly Jones, author Margaret Tinzmann, consulting author Judie Thelen. 
264 1 |a Columbus, Ohio :  |b Zaner-Bloser,  |c [1990] 
264 4 |c ©1990 
300 |a 24 pages :  |b illustrations ;  |c 31 cm. 
336 |a text  |b txt  |2 rdacontent 
337 |a microform  |b h  |2 rdamedia 
338 |a microfiche  |b he  |2 rdacarrier 
490 1 |a Breakthroughs--strategies for thinking 
504 |a Includes bibliographical references. 
500 |a Grades 6-12. 
533 |a Microfiche.  |b Millwood, N.Y. :  |c Kraus International Publications,  |d 1991.  |e 1 microfiche.  |f (Kraus curriculum development library ; ENV 6-032). 
500 |a "Developed in cooperation with the North Central Regional Educational Laboratory, Elmhurst, Illinois." 
500 |a Microform. 
650 0 |a Water  |x Pollution  |x Study and teaching. 
650 0 |a Natural resources  |x Study and teaching. 
650 0 |a Ecology  |x Study and teaching. 
650 0 |a Critical thinking  |x Study and teaching. 
650 0 |a Environmental education. 
650 4 |a Ecosystem. 
650 4 |a Environmental impact. 
650 4 |a Interdependence. 
650 4 |a Pollution. 
650 4 |a Waste management. 
700 1 |a Tinzmann, Margaret Banker,  |d 1935- 
700 1 |a Thelen, Judith N. 
710 2 |a North Central Regional Educational Laboratory (U.S.) 
830 0 |a Breakthroughs--strategies for thinking. 
830 0 |a Kraus Curriculum Development library ;  |v ENV 6-032. 
999 |a MARS 
999 f f |s ee3ea91d-bfc7-30a8-96a8-c3bf7374404c  |i 49c6f10e-faeb-3811-870c-0b41172f0378  |t 0 
952 f f |p normal  |a Texas A&M University  |b College Station  |c Sterling C. Evans Library  |d Evans: Microforms Fiche (3rd floor)  |t 0  |e Fiche C 3276 ENV 6-032  |h Other scheme  |i microform -- microfiche  |m A14821706579 
998 f f |a Fiche C 3276 ENV 6-032  |t 0  |l Evans: Microforms Fiche (3rd floor)